000 00532nam a22001817a 4500
005 20251108165918.0
008 250721s9999 xx 000 0 ara d
082 1 4 _aق/مور
100 1 _aمورت، مارسيل
245 1 0 _aغادة الكاميليا /
264 1 _aبيروت :
_bدار الشرق العربي،
_c[19-].
300 _a182ص
490 0 _aروائع القصص العالمية
650 1 7 _aالأدب القصصي
700 1 _aفريد، فؤاد
_eترجمة
942 _2ddc
_cBK
999 _c34628
_d34628